{"text_format":"3","workbook":"xls","n_sheets":3,"sheets":["Sheet1","Sheet2","Sheet3"],"read":"whole","date_system":"1900","formulas":"cached_only"}

{"sheet":"Sheet1","index":0,"n_rows":50,"n_cols":8,"rows_kept":50,"merged":[[0,0,0,7],[27,0,27,7],[49,0,49,7]],"flags":["formulas_cached_only"]}
["直播实训室（一间70平米左右教室隔断做3个直播间）"]
["序号","设备名称","参数","品牌","单位","数量","单价","总价"]
[1,"直播商用品牌电脑","CPU型号 Intel 酷睿i5 13400CPU 　内存容量16 1T机械硬盘　固态硬盘容量512GB 无内置光驱入门级独立显卡显存容量 2GB 1000Mbps以太网卡 2×USB2.0，2×USB3.0，耳机输出接口，麦克风输入接口 1×VGA，1×HDMI 1×RJ45（网络接口） 1×电源接口，预装Windows  Office 　23寸显示器   键鼠 x1 鼠标垫 x1 电源线 x1 ","清华同方 超扬A500","套",3,5900,17700]
[2,"直播摄像头","3840*2160 4K分辨率 图像传感器  800万像素 图像比例16:9 120度广角 最低照度0.1Lux(F2.0, AGC ON)　1路USB接口视频输出接口　遥控3倍变焦　内置麦克风　自动聚焦 自动白平衡  自动背光补偿  自动曝光 Ai追踪 使用遥控器即可打开或关闭AI   免驱动 支持竖屏显示","名蛇 m68","套",3,3200,9600]
[3,"声卡 + 麦克风套装","声卡类型 外置型 声卡2.1声道 信噪比 -90dB,A-加权 频率响应:22Hz-22kHz(±0.2dB) 动态范围:90dB,A-加权 总谐波失真加噪声:＜0.0061%(-86dB) 交调失真:-85dB@1kHz 输入阻抗:Mic in:1.8KΩ 可调增益:38dB  麦克风有线 电容式 单指向 频响范围20Hz-20kHz 灵敏度-34dB±2dB 信噪比78dB 立体声 产品声压132dB","艾肯 4nano 声岚SL-V7","套",3,3200,9600]
[4,"直播手机","6000万像素以上 运行内存12GB机身内存256GB，5000mA以上电池","荣耀X50 GT","部",3,1900,5700]
[5,"一拖二无线话筒","无线领夹麦克风 48khz 24bit采样率  128dBSPL声压级  70dB信噪比 一键降噪，搭配充电盒综合续航可达22小时，麦克风和接收器配备Type-C口，支持边充边用，支持单声道、立体声录制模式，安全音轨模式录制，-6dB的第二音轨输出，传输距离250米 配有充电盒","猛玛LARK MAX","套",3,2200,6600]
[6,"音箱","电脑音箱，2.1声道，有源：220V/50Hz，","先科A15","对",3,450,1350]
[7,"监听耳麦","插头直径：3.5mm 阻抗：16Ω 灵敏度：96dB/mW频响范围：20-20000Hz线长：3米 耳机发声原理：动圈","音沐 X60s","副",3,80,240]
[8,"手持云台","可折叠、磁吸快拆、内置了锂电池，容量为1300Ah，工作时间可以达到10小时，适配手机重量为 230±60g，厚度为 6.9-10mm。","浩瀚M5 ","台",3,900,2700]
[9,"线材配件","USB,网线，音频线，电源线插板","群卓","套",3,300,900]
[10,"LED 补光灯","18寸可调光变光，带遥控，220V电 ","徕兹 18寸","套",3,500,1500]
[11,"LED 球型补光灯套餐","嵌入式柔光灯电压： 光照度17900LUX  光照角度120° 色温3200-5600K±200K 无极调光范围5-100%  最大高度280cm收纳高度97cm APP群灯互联 红外遥控器20米 灯背旋钮无极控光 冷光5600K暖光3200K白光4400K 灯150W 灯*2+灯架*2+灯罩*2","数魅E300Bi Pro","套",3,2800,8400]
[12,"直播桌椅","1.6米直播桌，椅子面料材质：网布 人体工学椅2张","群卓","套",3,2600,7800]
[13,"直播提词器设备","兼容手机，提词器支持广角大屏，支持平板12.9寸 支持横拍、竖拍 支持横拍广角24mm焦距 支持入镜调节（可调节高度34MM）。配套提词软件","百视悦 T12","套",3,3900,11700]
[14,"产品展示柜","根据房间定做，直播实训任务配套直播商品","群卓","套",3,5800,17400]
[15,"背景扣图绿幕","手动轴背景布可上下拉 哑光绿幕宽2.5米高3米","群卓","项",3,900,2700]
[16,"直播一体机","直播主机：\n15.6寸高清屏操作，绿幕智能抠像，三相机镜头模式，直播间场景预设，直播录像，手机远控/上传素材，手机无线传屏，全平台APP直播，虚拟直播场景真实展现，内置智能绿幕背景识别算法，直播间可任意更换图片/视频背景有效减少，镜头旋转/镜像，支持镜头画面横竖旋转，抠像更细腻，背景更饱和，安全区域可取消抠像，智能背景虚化功能，虚化背景强度可调节更方便，单反级大光圈镜头效果，主播更聚焦更出众，虚化强度可调，任意背景虚化背景模糊程度大光圈虚化效果\n单/双/三相机镜头模式，在直播时多个镜头机位可相互切换主屏或副屏。\n主摄单相机模式：直播间绿幕抠像效果 全屏/虚拟背景可选\n主+副1双相机模式：主播抠像及商品特写 人像与商品同屏显示\n*主+副1+副2三相机模式 展示更多商品及细节 三相机可切换和缩放（需提供产品彩页或网站截图）\n一秒快速开播：直播场景镜头预存设置\n将场景及镜头设定好后，开播前打开预设窗口，选择合适的预设场景即可开播无需重新设置\n内置声卡声效快速增加直播氛围效果 声效可管理上传上传自定义声效\n声效音量可调节内置音量大小调节\n多平台推流一人直播即可增加流量\n仅需添加rtmp推流地址即可实现多平台直播推流，可同时支持3路直播推流\n直播快捷键、直播本地录像、文字滚动、提词器、书写批注等功能\n*直播提词器：文本内容上传支持颜色/缩放/滚动播放等(提词仅主播可见)（需提供产品彩页或网站截图）\n配套：配套导播切控器、无线键鼠各一套。\n直播软件：\n内置虚拟集-或构建自己的虚拟集。全动态变焦-可自定义的摄像机位置预设。高品质色度键-使用或不使用虚拟装置以满足您的生产需求。\n利用网络上运行的远程桌面捕获屏幕。非常适合PowerPoint和Skype。音频捕获支持也可用。\n将客人添加到现场演出的最简单方法是内置于软件中。允许任何拥有浏览器和网络摄像头的人成为即时客户！\n创建视频延迟输入并将其分配给任何可用的摄像机或输出。保存多个重要事件的视频剪辑，以便以后播放。可配置的慢动作播放从5%到400%。\n从许多内置模板轻松添加和编辑Title或ScoreBoard,或使用任何图形或矢量编辑软件构建您自己的模板或ScoreBoard。通过即时更新调整文本，字体大小和颜色以及实时。\n音频混合器允许您轻松跟踪所有音频源，包括静音，跟随（自动混音）和延迟任何音源的功能。峰值显示器还包括VU表，以确保每个输入电平都已准备就绪。使用内置EQ,Compressor和Noise Gate效果微调\n除多视图功能外，包括4个覆盖通道。每个叠加通道都可以有自己的过渡效果，位置和边框。\n允许您向任何其他NDI兼容设备发送和接收NDI源。使用NDI在本地网络上传输输出，摄像头，音频和图形。连接到您最喜爱的NDI程序或设备，如CasparCG,NewBlue Titler,Adobe CC等等。\n总输出通道：1000个、摄像头/NDI输入通道数：1000个、分辨率：4K  4096*2160、叠加通道层数：4、支持1路同时录制、支持推流、支持全屏输出、大屏输出、支持外部输出与采集卡输出、支持字幕制作系统，内置动画标题，记分牌，记分板等、支持GT字幕制作高级版，支持自定义动画标题、支持列表播放、专业调色，色彩纠正、视频列表、支持1路视频通话、多通道录制、支持1路即时回放。","群卓3DS","套",3,28000,84000]
[17,"专业相机套装","3250万有效像素 双核CMOS 双核CMOS 45点十字对焦 WIFI，ISO感光度\n静止图像拍摄：自动ISO（在ISO 100～25600之间自动设置）\n白平衡模式自动（氛围优先）、自动（白色优先）、自动（氛围优先)、自动（白色优先)、预设（日光、阴影、阴天、钨丝灯、白色荧光灯、闪光灯）、用户自定义、色温（约2500-10000K），具备白平衡校正和白平衡包围曝光功能 ※支持闪光色温信息传输\n场景模式：肖像；风景；微距；运动；日落；夜景肖像；夜景；手持夜景；抗运动模糊\n自拍；延时拍摄；遥控拍摄\n高速连拍：最高约10张/秒。\n18-135mm f/3.5-5.6 单反镜头\n包，128G高速卡 4K相机存储卡 单反相机内存SD卡  读速200MB/s 写速140MB/s 带读卡器，三角架","佳能EOS 90D","套",3,18000,54000]
[18,"直播间装修与布线","12平方左右房间隔断，门窗，吊顶，刷墙，灯光，通风处理，强电，弱电，吸音等，宣传海报\n亚克力LOGO牌\"1、材质：亚克力；2、尺寸≥65*90cm\"\n墙面装饰线条\"1、尺寸：2根，≥100cm2、材质：中间长条PVC；\"\n实训室文化墙\"1、材质：木质造型；2、尺寸：≥200*300cm3、外层：红色哑光漆；\"\n墙面腻子\n墙面固化胶\n乳胶漆-底漆\n乳胶漆-哑光漆（面漆）\n射灯\"1、定制：15cm*15cm(按实际情况定制)2、功率：12W；\"\nLED平板灯 定制尺寸：800mm*90mm按实际情况定制\n公共区域电路改造工程+网络布线所需的电线、网线、水晶头、开关、插排等硬件（含人工安装）\n软灯条 \"1、直径：10mm---16mm；2、长度：25m；\"\n顶棚改造及墙面吸音处理","定做","套",3,49000,147000]
[19,"空调","大1匹窗机 变频省电冷暖","海尔KFR-26GW/B5LAA81U1","台",3,2600,7800]
[20,"电商直播实训软件","直播实训云平台软件：学生与老师可以进行直播、拍摄上传短视频、开通直播小店等实训，软件后台由老师管理员进行管理，学生开通直播小店交保证金、消费等不用充值，后台可以直接控制用户在本平台的余额，可以通过实训平台直播复盘找出学生直播时的各种不良用语，方便改进。\n1.电商直播实训平台：PC端采用B/S架构设计，不需要安装客户端，通过浏览器访问，可支持基于校园网的应用，手机端APP。\n2.系统支持学生、教师、管理员使用不同的身份登录软件，不同的身份具有不同的操作权限。提供系统管理功能，不限制用户数量，教师账号保留与使用权限分开管理，允许多教师同时使用。\n3.学生实训功能：支持学生以PC端直播和手机APP直播，实训任务有直播策划、脚本撰写、实训学习、直播账户注册到完善资料认证、短视频上传、直播、开通小店上传产品、短视频推广分享、短视频评论、短视频点赞、产品销售、观看直播、产品购买、物流发货、订单管理、退货管理、直播复盘等。系统能够发布直播并查看实时直播视频，直播过程中具备宝贝上架、抽奖、投票、公告等功能。\n4.教师管理功能：系统具有良好的数据分析功能，能通过监测学生的实训数据，以图表的形式直观的反应出学生实训成绩。\n学生端PC端\n1.个人中心：显示个人信息，有昵称，签名，头像，密码等。可以在本地修改。\n2.直播中心：进入PC直播软件主页，通过PC端连接的摄像头与话筒进行直播，可以多画面进行切换，可设置虚拟背景，可在线互动。\n3.管理粉丝用户，将用户禁言（分为本场禁言、永久禁言），踢出房间（永久踢出），设置管理员等。\n4. 直播记录：显示我的历史开播时间、结束时间、房间人数、直播标题、直播类型等。\n学生手机APP端\n1.直播功能：主播在直播时可以添加展示商城商品与平台自营的商品（后台设置拥金），用户在此入口购买后，主播可获得相应佣金。\n2.直播观看：可以查看主播的信息，包括主播的头像、地址以及昵称。弹幕用户可以发送弹慕。充值可对虚拟币进行充值钻石（虚拟币），直播系统的通用货币，可以用来购买礼物、座驾、靓号、vip、守护、发送弹幕、发送红包等。直播购物。可展示主播选择展示的商品。\n3.短视频功能：录制视频支持翻转镜头、开启关闭闪光灯、拍摄速度、美颜、添加背景音乐、选择本地视频。短视频添加分类功能，分类后台设置，可选择是否关联商品。查看同款商品，购买商品。关联付费内容详情页面进行查看及购买。观看视频支持评论、点赞、评论、分享、复制链接、举报、下载到本地以及对用户进行关注；（提供软件本功能截图）\n4.买家功能：观看直播购买商品，收藏商品，查看已买到的商品，商品浏览记录、地址管理、账户余额管理、退款记录、提现记录、全部订单查询、待付款订单查询、待发货订单查询、待收货订单查询、待评价订单查询、退款查询。添加好友，给好友发送短消息； \n5.卖家功能：申请直播开店：小店信息 账户信息　综合评分 账户金额　累计收入　商品总数　商品总销量　订单管理 待发货 等待退款 待支付 全部退款 已发货 已签收 已完成 已关闭 全部订单 添加商品 商品管理 地址管理 消息 经营类目。\n6.动态管理：审核通过后APP展示出去所有动态。动态列表展示作者头像、昵称、性别、关注按钮、动态内容、位置、发布时间；动态内容包含文字、图片（最多9张）、视频、录音； \n7.登录页面：平台协议弹窗功能，用户需同意平台隐私服务协议才可进入注册app使用\n8.订单管理： 可查看小店内所有的订单列表信息。有待付款、已付款待发货、等待退款等。可显示订单状态、退款方式、退款金额、退款原因、退款申请时间以及详细描述等； \n9.直播小店管理：用户点击进入买家端；已开通小店的用户可一键切换进入卖家端。卖家端在手机端APP个人中心进入直播小店管理，买家与卖家管理页面可一键切换。（提供软件本功能截图）\n10.商品管理：在售商品可编辑价格与库存、下架；审核中的商品可再次编辑、删除；已下架的商品可再次编辑、删除及重新上架；也可在此页面添加新的商品。可添加站内商品、站外商品、平台商品；运费设置（默认包邮）；站外商品需要填写商品链接（淘宝、京东等外部商品链接）、商品名称、原价、现价、商品简介、商品图片； \n11.平台商品即本平台自营商品，卖家可代售，每成交一笔可获取相应佣金；佣金可以在后台系统管理设置。站内商品需要选择商品类别，填写商品标题、上传商品视频、图片，可选择填写商品详情介绍（支持文字、图片），编辑规格（名称、库存、单价、图片），可新增规格；\n12.实训任务：学生端实训任务是从模拟注册平台账户到完善资料认证、短视频上传、直播、开通小店上传产品、短视频推广分享、短视频评论、短视频点赞、产品销售、观看直播等。对于学生完成的任务状态有明确标识，区分出已完成、未完成与实训得分，方便学生了解自己的实训完成情况。\n教师端管理功能\n1.管理后台可体现学生任务完成的个人成绩、统计新用户注册量、APP启动次数、活跃用户数、平均使用时长和总注册数，并可根据时间段进行筛选。设备终端统计安卓、IOS和PC端 三端的注册比例。财务展示充值总金额、支付宝、微信、苹果支付的充值金额。提现根据时间段筛选，申请提现金额、已通过金额、主播提现数量和总提现金额。主播数据根据时间段统计出主播总数、在线主播、直播次数、直播时长以及总直播时长。\n2.系统支持由老师从系统商品库中自行选择商品进行组合，让学生训练，同时也支持老师自行出题，用于学生实训。\n3.关键词屏蔽功能:通过设置特定关键词（广告禁用词语、违反词语等）让学生在实训过程中了解直播规则。包括短视频标题、评论、用户昵称、直播间标题和个性签名，在发布时系统会先进行判断，如果含有关键词，则提示输入非法，请重新输入。如果直播间公屏聊天、弹幕私信中含有关键词，则以“**”代替显示.用户注册认证、用户注册认证评分； \n4.后台管理功能：教师可以在后台设置审核学生注册信息，产品信息，短视频等。给学生进行账户虚拟充值，让学生在实训时有足够的资金可以扮演买家或卖家。\n5.统计功能：教师后台有显示学生实训排行榜，排行榜展示直播网红榜和收入富豪榜的前三名。采用图形和列表两种形式呈现。通过监测学生的实训数据，以图表的形式直观的反应出学生的活跃度与实训任务的质量。\n*需提供计算机软件著作权登记证书。","群卓ESOVO V2.3","套",1,158000,158000]
[21,"直播运营实训软件","短视频运营实训教学系统内容有实训任务管理、实训教学资源、实训理论考核、实训软件操作、行业应用案例等模块构成。\n1、系统为B/S架构，系统包含管理端、教师端、学生端三部分。\n2、支持学生、教师使用不同的身份登录软件，不同的身份具有不同的操作权限。\n3、系统后台包含功能，有用户管理、角色管理、试题维护、订制试卷、成绩管理、实训任务管理、学习管理、学生交流管理、个性化配置、个性化信息管理等。\n4、管理端功能：在进入管理端后主页面提示系统使用说明，左侧管理菜单有试题维护，订制试卷，成绩管理，用户信息管理，角色信息管理，任务管理，学生交流，个性化配置，个人信息管理\n5、教师端功能：老师可以编辑在线考试试卷，老师可以出题并编辑标准答案与每道题的分值，设置考试时间。\n6、老师可以发布实训任务，并设置实训任务参考答案，对学生完成的实训任务进行打分，评价。\n7、老师可以设置资源学习分与实训任务分。\n8、学生端功能：学生可以看到资源内容和学习分，学生可以看到考试内容和考试分。\n9、学生在个人页面实训任务里可以看到自己实训完成与否，实训评分与评价，完成实训后可以看到参考答案。\n一、功能要求\n（一）课程资源要求\n1、有清晰的课程资源列表，资源文件可以是视频，音频，文档。教学资源按照每课时教学使用顺序进行罗列。\n2、学生学习过的资源会在学生个人信息里显示，并配有学习分值，在学生个人信息首页显示学生的总学习分和详细学习分。\n3、课程内容规划：该资源包含直播运营概述、账号定位、直播内容策划、直播信息发布与推广、直播数据分析6个模块。\n4、视频教学课件16个，以视频或音频等多种媒体元素显示。课件设计与制作，结构合理，易于操作，且与文字教材相互补充。课件内容涉及的案例一并提供。\n5、教学课件PPT配备相应讲稿，至少16个，具体讲解课程内容，每个讲稿字数不低于1500字。\n6、根据课程知识及技能要点提供拓展资源，至少16个。拓展学习材料的展现形式包括视频、音频、文档、PPT等，涵盖本门课程涉及的知识及技能要点。\n二.直播平台运营维护\n1 直播平台选择：对比分析抖音、快手、西瓜、小红书、百家号、企鹅号的平台风格和用户特点，熟知各平台的优缺点。根据企业定位、产品特点、目标用户、 预算，选择合适的平台。\n2 日常内容审核：能根据政策规定、行业规则、市场规范等，建立敏感词库，并持续更新，识别内容中的敏感词或违规内容，保证内容的合规性和可靠性。检查用户留言、评价等，处理负面信息。\n3信息采集管理：淘宝直通车推广数据采集，百度营销搜索推广数据采集，京东快车推广数据采集，抖音巨量算数综合信息采集、分析用户数据，提炼用户标签，绘制用户画像。制定用户运营策略，促进用户活跃、留存和转化。\n三.直播活动运营\n1 活动策划：根据直播任务要求目标和运营规划，制定活动运营计划。确定活动流程、活动创意、活动推广计划、物料、预算等，编写活动方案。 \n2 活动实施与推广：根据活动方案，通过企业官方渠道、付费渠道、自媒体平台、垂直社群等，进行活动宣传。利用编写直播活动方案，选择合适的时间与直播平台进行活动的传播，实现持续推广。 \n四.数据分析应用： \n1 内容运营复盘：根据内容运营目标和评估体系，提取关键指标数据。对内容数据进行分析，评价内容质量和传播效果。对内容运营结果与预期目标之间的偏差，分析原因，总结经验和不足，提出内容优化建议。 \n2 活动运营复盘：根据活动运营目标和评估体系，提取 关键指标数据。\n对活动数据分析，发现异常，找出原因，总结经验和不足，提出活动优化建议。 \n3 用户运营复盘：根据用户运营目标和评估体系，基于 用户的属性和行为，提取关键指标数据。对用户数据分析，挖掘用户需求，提炼用户管理的优化建议。 ","群卓 V1","套",1,138000,138000]
[22,"服务器机柜","22U专用服务器机柜；采用优质冷扎钢板制作，整体框架结构设计；机柜深度1000 mm，立柱厚度不低于2.0 mm，其余部分钢板厚度不低于1.2 mm；静载500KG以上。","爽欣22U","台",1,3000,3000]
[23,"服务器","处理器： 英特尔银牌4110R*2颗（10核心）+双电源 内存：32GB以上 SSD硬盘：2*480G 机械硬盘： 2*2TB  7. 2K  RPM  SATA扩展性：不少于4块 3.5英寸热插拔SAS, SATA, SSD硬盘；RAID卡：可配置RAID 0、1、5、6、10、50、60，支持热备盘技术，支持不低于1GB高速缓存；集成双端口Broadcom千兆网卡，带故障切换和负载均衡功能，支持TOE，iSCSI启动；PCIe插槽：2个PCIe 3.0；5 个USB（2个USB 3.0，3个USB 2.0）；","华为82288XV5","台",1,38000,38000]
[24,"无线路由器","适用面积： 90-120㎡，无线协议：WiFi 6，天线数量：4根，WAN接入口：千兆网口，无线速率：7200M，160 MHz超大频宽","华为AX6 new","套",1,600,600]
[25,"小计",{"$nulls":5},734290]
["网络营销实训室（90平米左右教室）"]
[1,"86寸智慧黑板","智能交互黑板为平面结构设计，显示尺寸≥86英寸，采用UHD超高清液晶显示A规屏，屏幕色彩覆盖率≥90% NTSC，屏幕分辨率≥3840×2160，可无损播放4K片源； ","森克 sk-86g","套",1,28000,28000]
[2,"教师讲台","多媒体中控讲台桌椅，表面烤漆面板，抗氧化，抗污能力强，坚固耐用，带有实木键盘，加固支撑稳固耐用。\n椅：尺寸43cm*50cm*73cm，高回弹加厚座面舒适耐用，磷化铁艺椅腿稳固支撑。靠背弧度贴合曲线。","博达","套",1,3800,3800]
[3,"教师电脑","CPU型号 Intel 酷睿i5 13400CPU 　内存容量16 1T机械硬盘　固态硬盘容量512GB 无内置光驱入门级独立显卡显存容量 2GB 1000Mbps以太网卡 2×USB2.0，2×USB3.0，耳机输出接口，麦克风输入接口 1×VGA，1×HDMI 1×RJ45（网络接口） 1×电源接口，预装Windows  Office 　23寸显示器   键鼠 x1 鼠标垫 x1 电源线 x1 ","清华同方 超扬A500","台",1,5900,5900]
[4,"学生桌椅","定制钢架结构电脑桌，桌面25mm厚三聚氰胺耐磨耐高温饰面板，面板下配走线槽隐藏走线，钢架卡扣连接，管壁厚度1.0，静电喷塑防锈处理，稳固耐用。规格：不低于600mm*1000mm。采用艺术拼接式布局具体根据学校要求样式定做。","奇辉","套",42,1200,50400]
[5,"学生电脑","CPU型号 Intel 酷睿i5 13400CPU 　内存容量16 1T机械硬盘　固态硬盘容量512GB 无内置光驱 1000Mbps以太网卡 2×USB2.0，2×USB3.0，耳机输出接口，麦克风输入接口 1×VGA，1×HDMI 1×RJ45（网络接口） 1×电源接口，预装Windows  Office 　23寸显示器   键鼠 x1 鼠标垫 x1 电源线 x1 ","清华同方 超扬A500","台",42,5600,235200]
[6,"壁挂音箱"," 系统：2分频   消耗功率：40W  最大声压:121dB  ","均镁","台",2,600,1200]
[7,"功放","输出功率： 250W                                      \n频率响应:  20Hz-20KHz，±0.5dB\n总谐波失真<0.5%，1KHz，8Ω\n信 噪 比： >105dB,\n阻尼系数:  ≥250\n输入阻抗：20KΩ10KΩ\n输入灵敏度：1.0V","均镁","台",1,1800,1800]
[8,"无线话筒","（手持*1、领夹*1）\n产品特点:\n  独特的水滴电源开关  , 炫丽直观的电平灯柱显示\n  步进式电位器，炫酷音量显示灯套   \n加强型静噪数码抑制电路，待机状态噪声输出为零。\n频率响应范围宽，超低失真度、低音雄厚、中音明亮、高音清晰。\n具有完美的开关杂音消除电路，避免在开启开关时产生巨大的冲击响声，确保后级功放系统及扬声器的安全。\n完美的工作状态指示及手持麦克风指示（指示灯比较暗时提示需要换电池）。\n实用距离远，理想环境达到150公尺以上。","诺讯","套",1,1600,1600]
[9,"AI智能电源管理","物联网电源管理：支持\n远程电源开关：支持\nUSB接口：支持\n后面板配有后备按钮开关：有\n电压显示：带LED电压显示屏\n单路额定输出电流：13A\n每路开/关动作延时：1.2秒\n输出插座：10只高弹性磷铜万能插座\n工作继电器：10只原装30A高品质继电器\n电源电缆线：6平方全铜加粗加长1.5米，配10A国标落地三扁插头\n内部供电：方型变压器                                                                                                                        净重  3.7Kg，尺寸：26.5*48.2*5.5\"","亿鑫","台",1,4600,4600]
[10,"实训教学管理软件","1.全面支持Windows系列操作系统，包括Windows 8、Windows 10（32位、64位）操作系统。\n2.屏幕广播：教师直接调用各类多媒体教学资源，同步广播给学生，丰富课堂教学内容。高帧率兼容，支持无延时广播、支持Direct3D、DirectDraw、OpenGL、高清视频、游戏等高帧率的应用程序画面流畅无延时广播。\n3.学生演示：教师随时指定某个学生，将其答题或演示过程同步广播给其他学生，开展示范教学。\n4.随堂小考：不用在黑板书写，老师实时了解所有学生的解答结果，并立即生成统计结果。\n5.答题卡考试：直接调用任何格式的文档、图片作为考试内容，只需简单编辑答题卡即可进行小测验。\n共享白板：教师与全体或指定的学生共同完成一项学习任务，如：解题、绘画等，学生可以手写，也可书面答题后拍照提交。\n6.抢答竞赛：文字、图片、音频、视频等均可作为抢答问题的素材，学生通过点击即可完成举手和抢答过程， 真正调动课堂气氛。\n7.分组教学：教师快速将学生分成若干小组，并针对不同主题推送教学资料，小组成员之间可以通过文字、图片、语音等方式讨论并完成学习任务。\n8.多格式兼容，支持富媒体播放：支持MPEG/VCD/QuickTime/ DVD/AVI /Real / Windows Media等常见的音视频媒体文件，同步播放清晰无损耗。\n9.教师可启动屏幕广播教学,将教师机的屏幕广播给所有学生机,教师所做的每一步操作画面都实时显示到学生机，学生可在电脑上软件进行举手提问，教师机可以在电脑上直接回答问题，教师机可以时实监控显示每一台学生电脑桌面，方便指导教学。","极域50用户","套",1,8000,8000]
[11,"网络营销实训实战平台","1、系统采用B/S架构，支持最新的HTML5标准，兼容火狐、谷歌等主流浏览器。\n2、学生端可以进行注册认证，参加实训实战与考试，教学视频，音频，文件学习查看。\n3、教师端可以查看学生实训结果进行评分与评价，查看学生考试结果。允许多教师同时使用，分班管理。\n4、管理端可对竞赛考试试题进行编辑，考试时间可设置，总分数可设置。实训实战任务进行编辑发布，对教学视频进行编辑。对学生账号，老师账号进行管理。\n5、支持200用户同时并发、一键审阅、用户中途退出成绩评定、前后台自定义、学生PC和手机端都可以参加实训与学习培训。\n6、系统包含管理端、教师端、学生端三部分。支持学生、教师使用不同的身份登录软件，不同的身份具有不同的操作权限。\n7、系统后台包含功能，有用户管理、角色管理、试题管理、订制试卷、成绩管理、任务管理、学习管理、学生交流管理、个性化信息管理等。\n8、用户管理可根据班级对学生进行管理维护，管理学生显示学生列表页面，显示增删查改等功能。\n9、查看实训任务显示实训目标、背景资料、实训要求、实训步骤图文并茂显示任务详情。\n10、系统内置实训评分标准和参考样例，教师在进行实训评分时可以参考样例进行对比分析,对实训结果进行评分和点评指导；\n11、内置资源库模块，资源分为视频资源，音频资源，文件资源。浏览器中直接播放视频，音频。文件以PDF文件直接显示。\n12、后台管理点击视频培训，有实训教学视频，老师可以上传教学视频资源供学生学习。点击音频培训，有实训教学音频，老师可以上传教学音频资源。点击文件培训，有实训教学文件，老师可以上传教学文件资源。\n13、学习视频与音频显示文件名与播放时长，后台可以设置学习分值，学生学习后会有学习分。\n14、学生可上传文件有word,ppt格式，浏览器中以PDF文件直接显示。\n15、试卷管理：可以编辑在线考试试卷，有填空题，判断题，单选题，多选题，问答题，老师可以出题并编辑标准答案与每道题的分值，设置考试时间。学生考试时系统会自动判断学生答题正确或错误并自动打分。\n16、实训任务管理，老师可以自己编辑上传实训任务标题，实训要求，实训步骤图文。学生在前台点击实训任务，可以看到实训标题，实训要求与内容，学生完成实训提交后老师要以点评。\n17、统计，显示学生年度学习分统计，学习内容。\n实战系统功能参数\n1、搜索引擎优化SEO营销模块：通过企业建站让各搜索引擎收录，优化关键词排名进行产品营销，品牌营销等。让学生学习训练SEO技能。提供PC+手机二合一的营销型中文站，支持HTML静态化网页，搜索引擎优化完美适应PC、手机和平板；\n2、智能商机发布模块：智能商机发布模块支持智能识别行业发布，学生可以通过后台设定关键词，系统自动链接搜索引擎搜索库，通过产品曝光，给企业基础站点进行引流。\n①后台通过内容生成，利用优质资源站点以及SEO反向解析目录技术形式，学生通过实训可以帮助企业在百度、搜狗、360等主流搜索引擎获取海量长尾关键词的排名。访客通过落地页的内容点击能直达官网，形成官网引流。\n②依托B2B平台的企业店铺，学生能够快速发布用户产品信息和企业信息。\n3、短视频营销模块：新媒体营销模块是通过不同APP联动，在新媒体平台进行短视频营销。\n①通过绑定短视频APP账号，学生可以一次性将视频发布到多个短视频平台，包括但不限于抖音、快手、西瓜、头条、小红书、百家号、企鹅号等等，视频发布统计流量详情，用于学生数据挖掘，进行消费者行为分析。\n②通过实时监控关键词热搜话题，为智能生成短视频标题提供素材。\n4、软文营销模块：软文营销是通过特定的概念诉求、以摆事实讲道理的方式使消费者走进企业设定的”思维圈“，以强有力的针对性心理攻击迅速实现产品销售的文字模式。\n①通过案例的方式让学生了解什么是软文，学会软文写作的技巧，知道软文营销标题拟定的要点，以及各类型软文的实际应用。通过掌握网络软文的特点，学生能熟练的编辑各种类型的软文文案，再通过不同类型的媒体平台进行软文发布。\n②软文发布：发到软文到搜狐网、新浪号、百度号、腾迅号等网络平台。\n5、直播营销：对比分析抖音、快手、西瓜、小红书、百家号、企鹅号的平台风格和用户特点，熟知各平台的优缺点。根据企业定位、产品特点、目标用户、 预算，选择合适的直播平台。根据要求定位和规划方案，制定内容运营计划。根据内容运营目标和内容主题，策划内容，制定内容排期规划表，进行人员分工和任务分配。能根据行业特点，及时追踪舆情热点或巧用重大节日话题，在时间节点内高效完成事件策划与直播营销过程。\n6、付费推广营销模块：通过付费推广进行营销，包含有搜索引擎付费推广，直播付费推广，商城直通车付费推广，网络固定广告等。\n7、商务数据统计与分析模块：商务数据统计与分析通过数据收集与整理，利用BI可视化工具对业务进行动态分析，形成可视化界面的数据，辅助学生进行商业决策，围绕企业供应链数据智能决策需求，进行采购数据分析、生产数据分析、物流和库存数据分析等。并能基于客户数据进行客户画像、了解用户需求特征和行为组合，挖掘用户价值。","群卓 V1","套",1,178000,178000]
[12,"电子商务数据分析实训软件","具有大数据分析全过程数据处理工具，以及真实企业案例和实训管理、监控、评价教学管理平台。电子商务数据分析实训软件是由课程教学、实训操作、分析工具、分析应用案例等模块构成。课程包括数据挖掘概论、数据预处理、分类分析、关联分析等内容。实训实战练习包括京东平台数据采集、百度营销数据采集、360数据采集、淘宝数据采集、综合数据指数采集、基于决策树的用户分析、商品销售关联分析等。通过AI智能采集各平台数据，AI智能分析商品在各平台的销售特点与消费人群的习惯与特性，从数据分析结果里找到最具有性价比的销售方式，或是最适合的销售方式，学习使用AI数据分析工具，如何对数据进行收集、整理、分析，形成可预测、可指导的有价值数据，从而为商业决策提供有益的帮助，学习数据挖掘内部机制，在真实企业运营中应用相应的方法，为就业打下必要的基础。\n1.系统采用B/S架构，有PC端、H5版。\n2.后台用户管理：平台能够方便专业教师实现云端备课，发布教学任务，实时反馈教学知识点掌握情况，实现电子化考评，评价结果数据实时分析。\n3.提供基于淘宝和抖音直播数据平台的数据统计报表。提供商品大数据市场调研文本是根据商品相关数据指标、不同平台直播间实时趋势，采集多个指标数据形成的数据报表，以便于完成电子商务数据分析为电子商务运营提供数据支持。\n4.通过京东快车、星网大数据、淘宝直通车与百度营销观星盘行业流量洞察来进行宣传素材搜集、热点话题捕捉、直播内容规划与定位。\n一、学生训练平台：\n任务训练---学生能够按照任务提示，利用系统完成指定的数据分析任务。\n学情分析---学员可以查看自己的任务完成进度以及任务完成效果排名。\n消息通知---学生可以查看收到的通知并处理。\n1．系统提供案例数据分析和实际经营数据分析两种功能。\n2．系统支持多种可视化图表分析，系统支持曲线图、折线图、饼图、柱型图、条形图、雷达图等图表类型。\n3．学生端学情分析功能。\n二、数据采集及清洗平台：\n数据采集与处理：市场规模数据采集与处理方案制，竞争对手商品结构数据采集与处理方案制定，淘宝直通车推广数据采集与处理方案制定，京东快车推广数据采集与处理方案制定，店铺销售数据与运营数据采集与处理方案制定，多平台产品数据采集与处理方案制定（京东，百度，360，淘宝，抖音，拼多多），产品指数数据采集与处理方案制定\n1.淘宝直通车关键词分析数据采集下载。\n2.京东商城京东快车核心拓词搜索采集下载数据。\n3.百度营销搜索推广行业流量洞察数据采集下载。\n4.360搜索推广关键词搜索数据采集下载。\n5.星网大数据关键词采集下载。\n6.对不同来源的数据，需要进行数据梳理，清理重复和无价值的数据，按需转换为目标数据结构，形成各大主题库，并提供各大主题库的数据标准。\n三、数据分析平台\n1.数据可视化展示：数据智慧大屏幕软件可以将各种数据以图表、图像、动画等形式展示在大屏幕上，使得数据更加直观、易于理解。\n2.交互功能：软件通常支持多种交互方式，如触摸屏、鼠标、键盘等，用户可以通过这些方式对数据进行操作和交互，实现数据的实时更新和展示。\n3.数据处理和分析：软件可以对数据进行处理和分析，包括数据清洗、转换、挖掘等，以提供更加准确、深入的数据洞察和分析结果。\n4.多平台支持：软件可以支持多种操作系统和平台，方便用户在不同设备上使用。","群卓 V1","套",1,188000,188000]
[13,"服务器机柜","22U专用服务器机柜；采用优质冷扎钢板制作，整体框架结构设计；机柜深度1000 mm，立柱厚度不低于2.0 mm，其余部分钢板厚度不低于1.2 mm；静载500KG以上。","爽欣22U","台",1,3000,3000]
[14,"服务器","处理器： 英特尔银牌4110R*2颗（10核心）+双电源 内存：32GB以上 SSD硬盘：2*480G 机械硬盘： 2*2TB  7. 2K  RPM  SATA扩展性：不少于4块 3.5英寸热插拔SAS, SATA, SSD硬盘；RAID卡：可配置RAID 0、1、5、6、10、50、60，支持热备盘技术，支持不低于1GB高速缓存；集成双端口Broadcom千兆网卡，带故障切换和负载均衡功能，支持TOE，iSCSI启动；PCIe插槽：2个PCIe 3.0；5 个USB（2个USB 3.0，3个USB 2.0）；","华为82288XV5","台",2,38000,76000]
[15,"交换机","标准1U机架设备，可堆叠，48个10/100/1000Mbps Mbps端口，包转发：132Mpps，背板带宽：432Gbps，交换方式：存储-转发，QOS、组播管理、网络管理及安全管理、支持VLAN、支持802.1Q、支持Port Bridge、支持Jumbo帧、支持端口UP/DOWN检测、支持端口自协商、支持接囗MTU设置、支持VLANIF接囗、支持链路聚合、静态端口聚合。","华为S1730S-S48T4X-A1\n","套",1,4500,4500]
[16,"综合布线系统","布线规范：符合《中华人民共和国国家标准-综合布线系统工程设计规范》，布设线槽须强弱电分离，走线合理互不交叉；\n线材及配件：室内非屏蔽超五类（CAT5e）双绞线，铜导直径0.5mm，绝缘直径0.8mm，PVC护套厚度0.5mm，护套直径5mm，符合UL防火等级认证，符合ANSI/TIA-568B标准；同品牌非屏蔽超五类（CAT5e）水晶头；电源插排防雷电，符合国标；\n交换机级联、交换机连接至服务器都采用成品千兆跳线。","TP－LINK","套",1,19400,19400]
[17,"教室形象墙","1.实训室文化元素设计；2.实训室文化内容建设；3.根据学校实际情况进行效果图设计；4.根据场地实际情况进行改造施工；5.墙饰布置生动形象、富有美感：6.墙饰布置体现教育价值，具有审美价值；7.设计后效果更加真实，寓教于墙饰之中，让墙饰产生潜移默化的教育和熏陶作用，充分表现不同功能空间和使用对象的精神内涵，每一个细节有独特的设计理念，满足实训室实训情境，门、窗、地、顶、面环境需求，能够打造出一个富有个性而且优美及科技感的实训室,实训室挂图，门牌设计及实施，亚克力字、装饰挂画。","定做","套",1,16000,16000]
[18,"防静电地板","1、无边全钢抗静电地板，规格600mm×600mm×35mm；集中负载≥33KG，均衡负载≥12500（N/M2），防火性能要求达到国家A级。\n2、上下钢板冲压、点焊成型，四边采用先进的焊接补强结构，地板边角部分要求有共60个焊点，地板基体表面经磷化后进行静电喷涂处理，喷涂层材料为热固性环氧塑料粉末，表面达到柔光、防腐、耐磨效果，内腔内填充发泡水泥。3、全钢组成，机械强度高、承载能力强、耐冲击性能好。\n3、尺寸精度高、互换性好、组装灵活、维修方便、使用寿命长；地板科任意切割，安装附件方便；四边固定，安装方便。\n4、下部空间可作为空调通风用，也可配合通风板调节地产通风量。","未来星","平方",90,380,34200]
[19,"空调","3匹柜机，能效等级一级及以上，变频，制冷量≥7210W，制热量≥9500W，制冷额定功率≤2090W，制热额定功率≤3120W，能效比（GB（略））≥4.3，室内噪音dB(A)高挡：≤43，室外噪音dB(A)高挡：≤56，电辅助加热≥1800W，循环风量≥1210m³/h，遥控式，每台标配铜管4米及以上（以实地情况为准）；包含电路及所需耗材。加长铜管","海尔","台",1,8500,8500]
[20,"小计",{"$nulls":5},868100]
[21,"合计",{"$nulls":5},1602390]
["报价含运费，含安装调试，质保3年，价格含税13%\n西安群卓电子科技有限公司\n陈勇   15829461683"]

{"sheet":"Sheet2","index":1,"n_rows":0,"n_cols":0,"rows_kept":0,"flags":["formulas_cached_only"]}

{"sheet":"Sheet3","index":2,"n_rows":0,"n_cols":0,"rows_kept":0,"flags":["formulas_cached_only"]}